000 00657nam a2200217 a 4500
999 _c10257
_d10257
001 10257
003 BD-JhCC
005 20180422090540.0
008 171111s1999 bg |||| ||a| 000 0 ben d
035 _a(BD-JhCC)10257
040 _aBD-JhCC
_dBD-JhCC
041 _aben
082 _a891.4435
_bAZA 1999
100 _aআজম, শফিকুল
245 _aরেখে যায় শুরু ও শুদ্ধতা /
_cশফিকুল আজম.
260 _aঢাকা :
_bজাগতি প্রকাশনী,
_c1999.
300 _a79 p. :
_c22 cm.
650 _aShort Stories
942 _2ddc
_cBK